Step by step high tibial osteotomy by hemicallotasis (Record no. 32757)
[ view plain ]
| 000 -LEADER | |
|---|---|
| fixed length control field | 00808nam a2200205 a 4500 |
| 008 - FIXED-LENGTH DATA ELEMENTS--GENERAL INFORMATION | |
| fixed length control field | 160405s2012 ||||||||||||||||| || u |
| 020 ## - INTERNATIONAL STANDARD BOOK NUMBER | |
| International Standard Book Number | 9789350256466 |
| 050 ## - LIBRARY OF CONGRESS CALL NUMBER | |
| Classification number | RD 561 Meh |
| 100 ## - MAIN ENTRY--PERSONAL NAME | |
| Personal name | Mehta, Ajit Kumar |
| 245 10 - TITLE STATEMENT | |
| Title | Step by step high tibial osteotomy by hemicallotasis |
| Statement of responsibility, etc. | By Ajit Kumar Mehta [and] Mangal Parihar |
| 260 ## - PUBLICATION, DISTRIBUTION, ETC. | |
| Place of publication, distribution, etc. | New Delhi: |
| Name of publisher, distributor, etc. | Jaypee Brothers Medical publishers |
| Date of publication, distribution, etc. | 2012 |
| 300 ## - PHYSICAL DESCRIPTION | |
| Extent | xv, 96p.: ill. |
| 350 ## - | |
| -- | 30.00 |
| 500 ## - GENERAL NOTE | |
| General note | accompanied by CD-ROM |
| 650 ## - SUBJECT ADDED ENTRY--TOPICAL TERM | |
| Topical term or geographic name entry element | EXTERNAL SKELETAL FIXATION (SURGERY) |
| 650 ## - SUBJECT ADDED ENTRY--TOPICAL TERM | |
| Topical term or geographic name entry element | KNEE--WOUNDS AND INJURIES |
| 650 ## - SUBJECT ADDED ENTRY--TOPICAL TERM | |
| Topical term or geographic name entry element | KNEE--SURGERY |
| 650 ## - SUBJECT ADDED ENTRY--TOPICAL TERM | |
| Topical term or geographic name entry element | OSTEOTOMY |
| 995 ## - | |
| -- | MEDICAL LIBRARY OPEN ACCESS |
| -- | 903376 |
| -- | CBU-SCHOOL OF MEDICINE LIBRARY (Ndola) |
| -- | 30.00 |
| -- | RD 561 Meh |
| -- | 1 |
| -- | AVAILABLE |
| -- | Apr 13, 2016 |
| -- | 903376 |
| -- | Medical Library Open Access Collection |
| 999 ## - | |
| -- | 32757 |
| -- | 32757 |
| Withdrawn status | Lost status | Source of classification or shelving scheme | Damaged status | Not for loan | Permanent Location | Current Location | Shelving location | Date acquired | Total Checkouts | Full call number | Barcode | Date last seen | Price effective from | Koha item type |
|---|---|---|---|---|---|---|---|---|---|---|---|---|---|---|
| CBU-SCHOOL OF MEDICINE LIBRARY, NDOLA. | CBU-SCHOOL OF MEDICINE LIBRARY, NDOLA. | 11/30/2022 | RD 561 Meh | 903376 | 11/30/2022 | 11/30/2022 | MONOGRAPH |